| 000 | 00934nam0a22002531 4500 | ||
|---|---|---|---|
| 001 | rc\552263 | ||
| 005 | 20030616170157.8 | ||
| 010 |
_a5-280-00020-5 _9800000 |
||
| 035 | _a(NLR Aleph) 005787947 | ||
| 090 |
_a5166273 _c5166273 |
||
| 100 | _a20030616d1988 u |0rusy50 ca | ||
| 101 | 0 | _arus | |
| 102 | _aRU | ||
| 105 | _ay ||||||||| | ||
| 200 | 1 |
_aДетство Темы _aГимназисты _fН.Г. Гарин-Михайловский _g[Послесл. А. Муратова] |
|
| 210 |
_aЛ. _cХудож. лит. Ленингр. отд-ние _d1988 |
||
| 215 |
_a413, [2] с. _d20 |
||
| 225 | 1 |
_aКлассики и современники _iРусская классическая литература |
|
| 700 | 1 |
_aГарин-Михайловский _bН. Г. _f1852-1906 _gНиколай Георгиевич |
|
| 801 | 0 |
_aRU _bNLR _gpsbo |
|
| 801 | 1 |
_aRU _bELAR _2rusmarc |
|
| 852 |
_aNLR _j88-3/8152 |
||
| 942 | _cBOOK | ||
| 980 | _aNB | ||